000 00485nam a2200169Ia 4500
005 20250923145133.0
008 008 250917s9999 xx 000 0 eng d
037 _aTextual
040 _aDSWL
_beng
_cDSWL
041 _aeng
_2eng
084 _az2, N68;1
_qDSWL
100 _aWalker, Bengamin
_9832141
245 0 _aHindu World
_cby Bengamin Walker
260 _aLondon
_bGeorge Allen & Unwin
_c1968
942 _cTEXL
_hz2, N68;1
999 _c1447610
_d1447610